Tiếng hát người câu cá Thơ
vv
Đã lưu trong:
| Tác giả chính: | |
|---|---|
| Định dạng: | Sách |
| Năm xuất bản: |
Quảng Bình
Hội văn học nghệ thuật
1992
|
| Chủ đề: | |
| Tags: |
Thêm thẻ
Không có thẻ, Hãy là người đầu tiên gắn thẻ bản ghi này!
|
| LEADER | 02103nam a2200289 4500 | ||
|---|---|---|---|
| 082 | |a 895.922134 |b NG527TH | ||
| 100 | |a Nguyễn Thiên Sơn | ||
| 245 | |a Tiếng hát người câu cá |c Nguyễn Thiên Sơn |b Thơ | ||
| 260 | |a Quảng Bình |b Hội văn học nghệ thuật |c 1992 | ||
| 300 | |a 57tr. |c 19cm | ||
| 520 | |a vv | ||
| 653 | |a Văn học hiện đại | ||
| 653 | |a Thế kỷ 20 | ||
| 653 | |a Việt Nam | ||
| 653 | |a Thơ | ||
| 942 | |2 ddc |c STK0 | ||
| 999 | |c 3809 |d 3809 | ||
| 952 | |0 0 |1 0 |2 ddc |4 0 |6 895_922134000000000_NG527TH |7 1 |8 800 |9 38783 |a qbu |b qbu |c D5 |d 2014-12-17 |g 8000 |o 895.922134 NG527TH |p 3898.C1 |r 0000-00-00 |w 2014-12-17 |y STK0 | ||
| 952 | |0 0 |1 0 |2 ddc |4 0 |6 895_922134000000000_NG527TH |7 0 |8 800 |9 38784 |a qbu |b qbu |c D5 |d 2014-12-17 |g 8000 |o 895.922134 NG527TH |p 3898.C2 |r 0000-00-00 |w 2014-12-17 |y STK0 | ||
| 952 | |0 0 |1 0 |2 ddc |4 0 |6 895_922134000000000_NG527TH |7 0 |8 800 |9 38785 |a qbu |b qbu |c D5 |d 2014-12-17 |g 8000 |o 895.922134 NG527TH |p 3898.C3 |r 0000-00-00 |w 2014-12-17 |y STK0 | ||
| 952 | |0 0 |1 0 |2 ddc |4 0 |6 895_922134000000000_NG527TH |7 0 |8 800 |9 38786 |a qbu |b qbu |c D5 |d 2014-12-17 |g 8000 |o 895.922134 NG527TH |p 3898.C4 |r 0000-00-00 |w 2014-12-17 |y STK0 | ||
| 952 | |0 0 |1 0 |2 ddc |4 0 |6 895_922134000000000_NG527TH |7 0 |8 800 |9 38787 |a qbu |b qbu |c D5 |d 2014-12-17 |g 8000 |o 895.922134 NG527TH |p 3898.C5 |r 0000-00-00 |w 2014-12-17 |y STK0 | ||
| 952 | |0 0 |1 0 |2 ddc |4 0 |6 895_922134000000000_NG527TH |7 0 |8 800 |9 38788 |a qbu |b qbu |c D5 |d 2014-12-17 |g 8000 |o 895.922134 NG527TH |p 3898.C6 |r 0000-00-00 |w 2014-12-17 |y STK0 | ||
| 952 | |0 0 |1 0 |2 ddc |4 0 |6 895_922134000000000_NG527TH |7 0 |8 800 |9 38789 |a qbu |b qbu |c D5 |d 2014-12-17 |g 8000 |o 895.922134 NG527TH |p 3898.C7 |r 0000-00-00 |w 2014-12-17 |y STK0 | ||
| 952 | |0 0 |1 0 |2 ddc |4 0 |6 895_922134000000000_NG527TH |7 0 |8 800 |9 38790 |a qbu |b qbu |c D5 |d 2014-12-17 |g 8000 |o 895.922134 NG527TH |p 3898.C8 |r 0000-00-00 |w 2014-12-17 |y STK0 | ||
| 952 | |0 0 |1 0 |2 ddc |4 0 |6 895_922134000000000_NG527TH |7 0 |8 800 |9 38791 |a qbu |b qbu |c D5 |d 2014-12-17 |g 8000 |o 895.922134 NG527TH |p 3898.C9 |r 0000-00-00 |w 2014-12-17 |y STK0 | ||
| 952 | |0 0 |1 0 |2 ddc |4 0 |6 895_922134000000000_NG527TH |7 0 |8 800 |9 38792 |a qbu |b qbu |c D5 |d 2014-12-17 |g 8000 |o 895.922134 NG527TH |p 3898.C10 |r 0000-00-00 |w 2014-12-17 |y STK0 | ||